Name a Post Malone Song A-Z - Statistics

General Stats
  • This quiz has been taken 78 times
    77 since last reset
  • The average score is 13 of 23
Answer Stats
Letter Answer % Correct
C Candy Paint | Chemical | Circles | Cold | Come Down | Cooped Up | Congratulations
92%
W Waiting for a Miracle | What Don't Belong to Me | What's the Move? | When I'm Alone | White Iverson | Wrapped Around Your Finger | Wow | Wrong ones
86%
B Ball for Me | Better Now | Big Lie | Blame It on Me | Broken Whiskey Glass
83%
I I Cannot Be (A Sadder Song) | I Fall Apart | I Had Some Help | I Like You (A Happier Song) | I'm Gonna Be | Insane | Internet
83%
S Saint-Tropez | Same Bitches | Seasons | Sign Me Up | Socialite | Something Real | Speedometer | Spoil My Night | Stay | Sugar Wraith | Sunflower
83%
G Git Wit U | God Damn | Goes Without Saying | Go Flex | Goodbyes | Green Thumb | Guy for That
75%
P Paranoid | Patient | Pour Me a Drink | Psycho
75%
R Reputation | Rich & Sad | Rockstar
72%
L Landmine | Laugh It Off | Leave | Lemon Tree | Lonely... | Losers | Love/Hate Letter to Alcohol
64%
H Have the Heart | Hateful | Hit This Hard | Holding My Breath | Hollywood Dreams / Comedown | Hollywood's Bleeding
61%
O Oh God | One Right Now | Otherside | Over | Overdrive | Over Now
61%
T Take What You Want | Texas Tea | Too Cool to Die | Too Young
61%
F Fallin' in Love | Feeling Whitney | Fuck
56%
A A Thousand Bad Times | Ain't How It Ends | Allergic
50%
M Me or Us | Money Made Me Do It | Monte | Mourning | Myself
47%
N Never Love You Again | Never Understand | New Recording 12, Jan 3, 2020 | No Option | Nosedive | Novacandy
47%
D Deja Vu | Die for Me | Don't Understand
42%
E Enemies | Euthanasia
42%
Y Yours Truly, Austin Post
39%
# 100 Carats | 40 Funk | 92 Explorer
36%
J Jonestown (Interlude)
25%
U Up There
25%
K Killed a Man
17%
No matching quizzes found
Score Distribution
Percent of People with Each Score
Percentile by Number Answered
Your Score History
You have not taken this quiz since the last reset